มุมมองปกติ
มุมมองแบบ MARC
- กลุ่มประเทศอาหรับ
รายการ Geographic Name
001 - CONTROL NUMBER
- control field: 40710
003 - CONTROL NUMBER IDENTIFIER
- control field: NALT
005 - DATE AND TIME OF LATEST TRANSACTION
- control field: 20190702154418.0
008 - FIXED-LENGTH DATA ELEMENTS
- fixed length control field: 190702|| aca||aabn | a|a d
040 ## - CATALOGING SOURCE
- Original cataloging agency: NALT
151 ## - HEADING--GEOGRAPHIC NAME
- Geographic name: กลุ่มประเทศอาหรับ
- General subdivision: ความเป็นอยู่และประเพณี
